00824nam a2200229 a 450000100100000000500170001000800410002702000150006804000250008308200220010810000250013024000350015524500690019025000110025926000310027030000210030150000760032259000270039870000320042595201200045799900170057700004138020201002034834.0131001s1993 sp 000 0 spa d a8479531177 aDO-SdBNPbspacBNPHU axxxxbR484a, 19931 aRibeiro, Lair96803110aEmagreça comendo.lEspañol10aAdelgazar comiendo /cLair Ribeiro ; traducción Juan Bastanzo. a5a ed. aBarcelona :bUrano,c1993. a158 p. ;c22 cm. aIncluye datos biográficos del autor en la solapa de la contracubierta aInventariado, 2019 /LP1 aBastanzo, Juan,etr.968032 001050718MOaGRbGRcCTd2013-10-01iLF1l0oxxxx R484a, 1993p41380-10r2020-06-25w2020-06-25y1ZNo se presta c40870d40870